000 00841nam a2200169Ia 4500
003 GCL
008 140319s9999 xx 000 0 ara d
040 _aGCL /
_cGCL
082 0 4 _a953.105
_bس ب
100 1 _aسليمان بن محمد الغنام
245 1 0 _aالبيئة السياسية الاقليمية والدولية فى شبه الجزيرة العربية ابان نهوض الملك عبد العزيز لتاسيس الدولة السعودية الحديثة /
_cسليمان بن محمد الغنام
260 _aالرياض :
_bمكتبة العبيكان ،
_c1999
300 _a168 ص ؛
_c24 سم
650 0 4 _aالسعودية - تاريخ - العصر الحديث - عبدالعزيز بن عبدالرحمن ال سعود
650 0 4 _aالسعودية - الاحوال السياسية
942 _2ddc
_cBK
999 _c7152
_d7152